| 000 | 01115nam a22002417a 4500 | ||
|---|---|---|---|
| 999 |
_c20749 _d20749 |
||
| 005 | 20200129051323.0 | ||
| 008 | 200129b xxu||||| |||| 00| 0 spa d | ||
| 020 | _a9789589539637 | ||
| 040 |
_aCO-BoIAVH _cCO-BoIAVH |
||
| 041 | _aspa | ||
| 044 | _ack | ||
| 082 |
_a305.8009861 _bM66a |
||
| 110 | _aOrganizaciones y consejos comunitarios del sur del Pacífico | ||
| 245 |
_aABC "ABC de relacionamiento entre las comunidades negras de los departamentos del Valle, Cauca y Nariño y el sector minero energético" _cOrganizaciones y consejos Comunitarios del Sur del Pacífico, Minminas y IIAP John Von Neumann |
||
| 260 |
_aQuibdó, Chocó, _bInstituto de Investigaciones del Pacífico, _c2016 |
||
| 300 |
_a43 páginas, _bGráficas y mapas, _c17.9 x 23 cm |
||
| 650 | 0 | _aComunidades negras | |
| 650 | 0 | _aSector minero-energético | |
| 650 | 0 | _aInteracciones sociales | |
| 710 |
_aMinisterio de Minas y Energía _bOficina de Asuntos Ambientales y Sociales |
||
| 710 | _aInstituto de Investigaciones Ambientales del Pacífico Jhon von Neumann | ||
| 942 |
_2ddc _cLIBRO |
||